Every Song by GROUPLOVE - Statistics

General Stats
  • This quiz has been taken 9 times
    8 since last reset
  • The average score is 7 of 69
Answer Stats
Album Song % Correct
Never Trust a Happy Song(2011) Tongue Tied
100%
Never Trust a Happy Song(2011) Colours
71%
Spreading Rumours(2013) Borderlines and Aliens
29%
Never Trust a Happy Song(2011) Chloe
29%
Never Trust a Happy Song(2011) Itchin' on a Photograph
29%
Never Trust a Happy Song(2011) Love Will Save Your Soul
29%
Never Trust a Happy Song(2011) Naked Kids
29%
Spreading Rumours(2013) Schoolboy
29%
Spreading Rumours(Bonus)(2013) Beans on Pizza
14%
Never Trust a Happy Song(2011) Betty's a Bomb Shell
14%
Big Mess(2017) Cannonball
14%
Never Trust a Happy Song(2011) Close Your Eyes and Count to Ten
14%
Never Trust a Happy Song(2011) Cruel and Beautiful World
14%
Healer(2020) Deleter
14%
Spreading Rumours(Bonus)(2013) Flowers
14%
Big Mess(2017) Good Morning
14%
Never Trust a Happy Song(2011) Lovely Cup
14%
Little Mess(2017) MRI
14%
This is This(2021) Oxygen Swimming
14%
Spreading Rumours(2013) Raspberry
14%
Big Mess(Bonus)(2017) Remember That Night
14%
This is This(2021) Scratch
14%
This is This(2021) Seagulls
14%
This is This(2021) Shake That Ass
14%
Spreading Rumours(2013) Shark Attack
14%
Never Trust a Happy Song(2011) Slow
14%
Never Trust a Happy Song(2011) Spun
14%
This is This(2021) This is the End
14%
Little Mess(2017) Torso
14%
Spreading Rumours(2013) Ways to Go
14%
Little Mess(2017) Adios Amigos
0%
Healer(2020) Ahead of Myself
0%
Spreading Rumours(2013) Bitin' the Bullet
0%
Healer(2020) Burial
0%
This is This(2021) Deadline
0%
Spreading Rumours(2013) Didn't Have to Go
0%
Grouplove(2010) Don't Say Oh Well
0%
Big Mess(2017) Don't Stop Making It Happen
0%
Big Mess(2017) Do You Love Someone
0%
Big Mess(2017) Enlighten Me
0%
Healer(2020) Expectations
0%
Grouplove(2010) Getaway Car
0%
Grouplove(2010) Get Giddy
0%
Spreading Rumours(Bonus)(2013) Girl
0%
Grouplove(2010) Gold Coast
0%
Healer(2020) Hail to the Queen
0%
Big Mess(2017) Heart of Mine
0%
Spreading Rumours(2013) Hippy Hill
0%
Big Mess(2017) Hollywood
0%
Spreading Rumours(2013) I'm with You
0%
Healer(2020) Inside Out
0%
Never Trust a Happy Song(Bonus)(2011) Je Pense Toujours a Toi
0%
This is This(2021) Just What You Want
0%
Spreading Rumours(2013) News to Me
0%
Healer(2020) Places
0%
This is This(2021) Primetime
0%
Healer(2020) Promises
0%
Spreading Rumours(2013) Save the Party
0%
This is This(2021) Shout
0%
Spreading Rumours(2013) Sit Still
0%
Big Mess(2017) Spinning
0%
Big Mess(2017) Standing in the Sun
0%
Little Mess(2017) Tell Me a Story
0%
Healer(2020) The Great Unknown
0%
Healer(2020) This is Everything
0%
Big Mess(2017) Traumatized
0%
Big Mess(2017) Welcome to Your Life
0%
Spreading Rumours(2013) What I Know
0%
Healer(2020) Youth
0%
No matching quizzes found
Score Distribution
Percent of People with Each Score
Percentile by Number Answered
Your Score History
You have not taken this quiz since the last reset